Aportes al conocimiento de los ecosistemas estratégicos y las especies de interés especial del Chocó biogeográfico (Registro nro. 7565)
[ vista simple ]
| 000 -CABECERA | |
|---|---|
| Campo de control | 00712nam a22001937a 4500 |
| 005 - FECHA Y HORA DE LA ULTIMA TRANSACCION | |
| Campo de control | 20150529020002.0 |
| 008 - ELEMENTOS DE LONGITUD FIJA—INFORMACION GENERAL | |
| Campo de control | 100505s2011 ck ao grb 000 0 spa d |
| 020 ## - ISBN | |
| ISBN | 978958573580 |
| 041 ## - IDIOMA | |
| Código de idioma para texto/pista de sonido o título separado | Español |
| 044 ## - PAÍS DE PUBLICACIÓN | |
| País de publicación | Colombia |
| 082 04 - NUMERO DE CLASIFICACION DECIMAL DEWEY | |
| Número de clasificación | 918.6151 |
| Número del ítem | I255a |
| 245 03 - MENCION DE TITULO | |
| Título | Aportes al conocimiento de los ecosistemas estratégicos y las especies de interés especial del Chocó biogeográfico |
| Parte restante del título | Parte I |
| 260 ## - PUBLICACION, DISTRIBUCION, ETC. (PIE DE IMPRENTA) | |
| Lugar de publicación, distribución, etc. | Cali |
| Nombre del editor, distribuidor, etc. | IIAP |
| Fecha de publicación, distribución, etc. | 2011 |
| 300 ## - DESCRIPCION FISICA | |
| Extensión | 158 p. |
| Otros detalles físicos | il., mapas |
| Dimensiones | 28 cm. |
| 650 17 - ASIENTO SECUNDARIO DE MATERIA - TERMINO TEMATICO | |
| Término temático o nombre geográfico como elemento de entrada | Diversidad biológica |
| Subdivisión geográfica | Chocó (Colombia) |
| Subdivisión de forma | Fotografías |
| 650 17 - ASIENTO SECUNDARIO DE MATERIA - TERMINO TEMATICO | |
| Término temático o nombre geográfico como elemento de entrada | Conservación de los recursos naturales |
| Subdivisión geográfica | Chocó (Colombia) |
| 650 17 - ASIENTO SECUNDARIO DE MATERIA - TERMINO TEMATICO | |
| Término temático o nombre geográfico como elemento de entrada | Ecosistemas |
| Subdivisión geográfica | Chocó (Colombia) |
| Subdivisión de forma | Fotografías |
| 942 ## - ELEMENTOS ADICIONALES (KOHA) | |
| Sistema de clasificación | Dewey Decimal Classification |
| Tipo de ítem | Impreso |
| Koha issues (borrowed), all copies | 1 |
| Withdrawn status | Lost status | Sistema de Clasificación | Damaged status | No para préstamo | Colección | Inventariado | Ubicación Permanente | Ubicación actual | Fecha de adquisición | Fuente de Valor | Valor | Total Checkouts | Número topográfico | Inventario / Código de Barras | Date last seen | Ejemplar | Price effective from | Forma de adquisición | Tipo de material | Date checked out |
|---|---|---|---|---|---|---|---|---|---|---|---|---|---|---|---|---|---|---|---|---|
| Dewey Decimal Classification | General | Inventariado 2017 | Bogotá | Bogotá | 29/10/2013 | Instituto | 39000.00 | 1 | LB-918.6151 I255a | 059173 | 28/05/2015 | Ej. 2 | 29/10/2013 | Libro | 28/05/2015 | |||||
| Dewey Decimal Classification | General | Inventariado 2017 | Sala Fabio Quevedo | Sala Fabio Quevedo | 14/08/2013 | Instituto | 39000.00 | LB-918.6151 I255a | 058354 | 14/08/2013 | Ej. 1 | 14/08/2013 | Libro |